[Event "AUTO-ADV-1885"]
[Site "http://www.queenalice.com/game.php?id=825991"]
[Date "2010.8.31"]
[Round "1"]
[White "matias"]
[Black "Rissoli"]
[Result "0-1"]
[WhiteElo "1951"]
[BlackElo "1780"]

1. e4 c5 2. Nf3 Nc6 3. d4 cxd4 4. Nxd4 g6 5. Nc3 Bg7 6. Be3 Nf6 7. Qd2 Ng4 8.
O-O-O Nxe3 9. fxe3 O-O 10. Bc4 Na5 11. Bd3 Nc6 12. Nf3 a6 13. h4 Qa5 14. Kb1 Nb4
15. Nd4 b5 16. h5 Qb6 17. Be2 a5 18. Ncxb5 Ba6 19. a4 Bxb5 20. Bxb5 Nc6 21. hxg6
fxg6 22. Kc1 Na7 23. Qd3 Rab8 24. b3 Nxb5 25. Nxb5 Rfc8 26. Rhe1 Qf6 27. Qd4 Qf2
28. Qd5+ e6 29. Qd2 Qf6 30. Qd4 Qf2 31. Qd2 Qf6 32. Nd4 Rxb3 33. Qxa5 Rbc3 34.
Re2 Qe7 35. Kd2 Bxd4 36. exd4 Rxc2+ 37. Ke1 Qh4+ 38. Kf1 Rf8+ 0-1

[Event "AUTO-ADV-1885"]
[Site "http://www.queenalice.com/game.php?id=826004"]
[Date "2010.8.31"]
[Round "1"]
[White "mateusamorim96"]
[Black "matias"]
[Result "0-1"]
[WhiteElo "1872"]
[BlackElo "1905"]

1. d4 Nf6 2. c4 c5 3. d5 e6 4. Nc3 exd5 5. cxd5 d6 6. e4 g6 7. f3 Bg7 8. Be3 O-O
9. Qd2 Nbd7 10. O-O-O a6 11. Bh6 b5 12. g4 Ne5 13. h3 b4 14. Nb1 a5 15. Bxg7
Kxg7 16. h4 Qb6 17. h5 Rh8 18. hxg6 fxg6 19. Qh6+ Kg8 20. Nh3 Nf7 21. Qe3 a4 22.
Bc4 Ba6 23. Bxa6 Qxa6 24. Nd2 c4 25. Qd4 Ne5 26. Nf4 Rc8 27. Kb1 c3 0-1

[Event "AUTO-ADV-1885"]
[Site "http://www.queenalice.com/game.php?id=826005"]
[Date "2010.8.31"]
[Round "1"]
[White "matias"]
[Black "mateusamorim96"]
[Result "1-0"]
[WhiteElo "1806"]
[BlackElo "1861"]

1. e4 c5 2. Nf3 e6 3. d4 cxd4 4. Nxd4 Nf6 5. Nc3 Bb4 6. Bd3 Bxc3+ 7. bxc3 Qc7 8.
Bd2 Nc6 9. O-O d5 10. exd5 Nxd5 11. Re1 O-O 12. Qg4 Nf6 13. Qh4 Ne5 14. Bf4 1-0

[Event "AUTO-ADV-1885"]
[Site "http://www.queenalice.com/game.php?id=826012"]
[Date "2010.8.31"]
[Round "1"]
[White "rocha"]
[Black "matias"]
[Result "0-1"]
[WhiteElo "1647"]
[BlackElo "1869"]

1. e4 e6 2. a3 d5 3. Qe2 dxe4 4. Qxe4 Nf6 5. Qh4 Be7 6. f3 b6 7. g4 Bb7 8. Be2
Nbd7 9. Qg3 c5 10. Nc3 O-O 11. Bf1 e5 12. Bg2 Re8 13. Nge2 Bd6 14. Ne4 Nxe4 15.
fxe4 Nf6 16. d3 b5 17. Nc3 a6 18. Bf3 c4 19. Bg5 cxd3 20. cxd3 b4 21. Nb1 bxa3
22. Nxa3 Qa5+ 23. Bd2 Bb4 24. Nc4 Qxa1+ 25. Ke2 Qa4 26. Nb6 Qc2 27. Qe1 Rad8 28.
Nc4 Qxd3+ 29. Kf2 Bxd2 30. Qe2 Qxe2+ 31. Bxe2 Nxe4+ 32. Kg2 Ng5+ 33. Kg1 Nh3+
34. Kf1 Bxh1 0-1

[Event "AUTO-ADV-1885"]
[Site "http://www.queenalice.com/game.php?id=826013"]
[Date "2010.8.31"]
[Round "1"]
[White "matias"]
[Black "rocha"]
[Result "0-1"]
[WhiteElo "1929"]
[BlackElo "1607"]

1. e4 e5 2. Nf3 d6 3. c3 c6 4. d4 Bg4 5. dxe5 h6 6. exd6 Bxd6 7. Be2 Nf6 8. Nbd2
O-O 9. h3 Bxf3 10. Bxf3 Re8 11. O-O Bc5 12. Qb3 b5 13. a4 Qa5 14. c4 b4 15. Qc2
Nbd7 16. Nb3 Qb6 17. a5 Qc7 18. Nxc5 Nxc5 19. Re1 Re6 20. b3 Rae8 21. Bb2 Nfxe4
22. Kf1 Qh2 23. g3 Qxh3+ 24. Kg1 Ng5 25. Re3 Rxe3 26. fxe3 Nxf3+ 0-1

[Event "AUTO-ADV-1928"]
[Site "http://www.queenalice.com/game.php?id=843257"]
[Date "2010.10.8"]
[Round "1"]
[White "CCapivara"]
[Black "matias"]
[Result "0-1"]
[WhiteElo "2009"]
[BlackElo "1944"]

1. d4 Nf6 2. c4 c5 3. d5 e6 4. Nc3 exd5 5. cxd5 d6 6. Bg5 g6 7. e4 Bg7 8. Bb5+
Nbd7 9. Nge2 O-O 10. O-O a6 11. Bd3 Ne5 12. f4 Nxd3 13. Qxd3 Re8 14. Rae1 b5 15.
Ng3 Qb6 16. Qf3 Bg4 17. Qf2 b4 18. Na4 Qb5 19. Qc2 Rac8 20. b3 c4 21. Kh1 cxb3
22. Qxb3 Bd7 23. Nb2 Rc3 24. Qd1 Bg4 25. Qb1 Nh5 26. Nxh5 Bxh5 27. Nd1 Bxd1 28.
Qxd1 Rd3 29. Qc2 Bc3 30. Re2 Rd2 0-1

[Event "AUTO-ADV-1928"]
[Site "http://www.queenalice.com/game.php?id=843258"]
[Date "2010.10.8"]
[Round "1"]
[White "matias"]
[Black "CCapivara"]
[Result "1-0"]
[WhiteElo "1913"]
[BlackElo "2009"]

1. e4 c6 2. d4 d6 3. Nf3 Nf6 4. Bd3 Bg4 5. O-O Nbd7 6. c4 e5 7. d5 cxd5 8. cxd5
Be7 9. Be3 O-O 10. b4 a6 11. Nbd2 Rc8 12. a4 h6 13. Qb3 Re8 14. a5 Nf8 15. b5
axb5 16. Qxb5 Ng6 17. Qxb7 Nh5 18. Rfb1 Nhf4 19. Bf1 f5 20. Bb6 Rb8 21. Bxd8
Rxb7 22. Rxb7 Bxd8 23. a6 fxe4 24. Nxe4 Bxf3 25. gxf3 Nh4 26. Ra3 1-0

[Event "AUTO-ADV-1928"]
[Site "http://www.queenalice.com/game.php?id=843269"]
[Date "2010.10.8"]
[Round "1"]
[White "joao_messias"]
[Black "matias"]
[Result "0-1"]
[WhiteElo "1837"]
[BlackElo "1980"]

1. e4 e6 2. d3 d5 3. exd5 exd5 4. Nf3 Nf6 5. Be2 Bd6 6. h3 O-O 7. Nc3 c5 8. O-O
a6 9. Bg5 Nbd7 10. Bxf6 Nxf6 11. Re1 b5 12. a3 Bb7 13. Nh2 Qc7 14. Ng4 Nxg4 15.
Bxg4 Rae8 16. Rxe8 Rxe8 17. Qd2 Bf4 18. Qd1 d4 19. Ne2 Bd6 20. Kf1 g6 21. Ng1 c4
22. Bf3 c3 23. bxc3 Bxf3 24. Nxf3 Qxc3 25. a4 bxa4 26. Rxa4 a5 27. Qc1 Bb4 28.
Kg1 Rc8 29. Qh6 Qxc2 30. Ng5 Qc1+ 31. Kh2 Qf4+ 0-1

[Event "AUTO-ADV-1928"]
[Site "http://www.queenalice.com/game.php?id=843270"]
[Date "2010.10.8"]
[Round "1"]
[White "matias"]
[Black "joao_messias"]
[Result "1-0"]
[WhiteElo "1992"]
[BlackElo "1837"]

1. e4 e5 2. Nf3 d6 3. d4 exd4 4. Nxd4 Be7 5. Be2 Nf6 6. Nc3 h6 7. O-O O-O 8. f4
Bd7 9. Qe1 Bc6 10. Nxc6 Nxc6 11. Be3 Nb4 12. Rc1 Re8 13. a3 Nc6 14. Qg3 Nh7 15.
Nd5 Bf6 16. c3 Rxe4 17. Bd3 Re8 18. b4 Ne7 19. Bxh7+ Kxh7 20. Nxf6+ gxf6 21. Qh3
Rg8 22. f5 Qf8 23. Rce1 Nd5 24. Bd4 Qg7 25. c4 Nb6 26. Rf4 Nxc4 27. Bxf6 Qxf6
28. Rxc4 Rg5 29. Rf1 Rag8 30. g3 Qe7 31. Rc3 Qe5 32. Rcf3 d5 33. Qg2 d4 34. Qc2
f6 35. Kf2 Rh5 36. Kg2 Rg4 37. R1f2 Re4 38. Qc4 Qe7 39. h4 d3 40. Qxd3 Rg4 41.
Kh3 Qg7 42. Re2 c6 43. Qd6 1-0

[Event "AUTO-ADV-1928"]
[Site "http://www.queenalice.com/game.php?id=843277"]
[Date "2010.10.8"]
[Round "1"]
[White "matias"]
[Black "agsantos"]
[Result "1-0"]
[WhiteElo "1883"]
[BlackElo "1709"]

1. e4 e5 2. Nf3 d6 3. Bc4 Nf6 4. Ng5 Be6 5. Nxe6 fxe6 6. Bxe6 Nxe4 7. d3 Nc5 8.
Bf5 Be7 9. Qh5+ Kf8 10. Nc3 Qe8 11. Qf3 Qf7 12. Nd5 Bf6 13. b4 Ne6 14. Bxe6 Qxe6
15. Nxc7 Qc8 16. Nxa8 Nc6 17. Bg5 Qxa8 18. c3 h6 19. Bxf6 gxf6 20. Qxf6+ Kg8 21.
Qxd6 Qe8 22. O-O e4 23. Qd5+ Kh7 24. dxe4 Rf8 25. Rad1 Rf7 26. Rfe1 Ne5 27. c4
Rg7 28. Re3 Rg5 29. Qxb7+ Kh8 30. Rg3 Rxg3 31. hxg3 Nxc4 32. Qc7 1-0

[Event "AUTO-ADV-1928"]
[Site "http://www.queenalice.com/game.php?id=843278"]
[Date "2010.10.8"]
[Round "1"]
[White "agsantos"]
[Black "matias"]
[Result "0-1"]
[WhiteElo "1713"]
[BlackElo "1899"]

1. e4 e6 2. e5 d5 3. d4 c5 4. c3 Nc6 5. Bb5 Bd7 6. Nf3 Qb6 7. Bxc6 Bxc6 8. O-O
Ne7 9. Be3 Nf5 10. b3 Be7 11. dxc5 Nxe3 12. cxb6 Nxd1 13. Rxd1 axb6 14. a4 O-O
15. Nd4 b5 16. Nxc6 bxc6 17. Nd2 f6 18. Nf3 bxa4 19. bxa4 Rfb8 20. exf6 Bxf6 21.
Nd4 Bxd4 22. cxd4 Rb4 23. a5 Ra6 24. f4 Kf7 25. g4 Ke7 26. h4 Kd6 27. g5 Rb5 28.
h5 Rbxa5 29. Rxa5 Rxa5 30. Kg2 c5 31. dxc5+ Rxc5 32. Kg3 e5 33. f5 Rc3+ 34. Kg4
e4 35. h6 gxh6 36. gxh6 Ke5 37. Rf1 Kf6 38. Rb1 d4 39. Rb6+ Kf7 40. Re6 e3 41.
Kf3 Rc8 42. Rd6 Rc4 43. Rb6 Rc5 44. Rd6 Rxf5+ 45. Ke2 Rf4 46. Kd3 Ke7 47. Rd5
Ke6 48. Rb5 Rh4 49. Rb4 Kf5 50. Rb5+ Kg6 51. Rb6+ Kg5 52. Rb5+ Kxh6 53. Rc5 Kg6
54. Rd5 h5 55. Ke2 Rf4 0-1

[Event "AUTO-INT-1790"]
[Site "http://www.queenalice.com/game.php?id=845193"]
[Date "2010.10.13"]
[Round "2"]
[White "matias"]
[Black "colombHouse"]
[Result "0-1"]
[WhiteElo "2004"]
[BlackElo "2143"]

1. e4 e5 2. Nf3 Nc6 3. Bc4 Nf6 4. Ng5 d5 5. exd5 Na5 6. Bb5+ c6 7. dxc6 bxc6 8.
Qf3 Be7 9. Bxc6+ Nxc6 10. Qxc6+ Bd7 11. Qc4 O-O 12. d3 Rc8 13. Qb3 Rb8 14. Qc4
Ng4 15. Ne4 Qb6 16. O-O Rfc8 17. Qb3 Qa6 18. Qd5 Be6 19. Nc5 Bxc5 20. Qe4 Nxf2
21. Rxf2 Bxf2+ 22. Kxf2 Rxc2+ 23. Nd2 Rbc8 24. Ke2 Rxc1 25. Rxc1 Rxc1 26. Nf3
Qxa2 27. Ng5 Qxb2+ 28. Kf3 Rf1+ 0-1

[Event "AUTO-INT-1790"]
[Site "http://www.queenalice.com/game.php?id=845194"]
[Date "2010.10.13"]
[Round "2"]
[White "colombHouse"]
[Black "matias"]
[Result "1-0"]
[WhiteElo "2112"]
[BlackElo "1994"]

1. d4 Nf6 2. Nc3 g6 3. e4 d6 4. Nf3 Bg7 5. Be2 O-O 6. O-O b6 7. e5 dxe5 8. dxe5
Ng4 9. Bf4 Nd7 10. Qd5 Rb8 11. e6 Ndf6 12. exf7+ Kh8 13. Qxd8 Rxd8 14. Bxc7 Be6
15. Ng5 Bd7 16. Rad1 Ne5 17. Bxe5 Bc6 18. Bxb8 Rxb8 19. Bb5 1-0

[Event "AUTO-INT-1790"]
[Site "http://www.queenalice.com/game.php?id=845195"]
[Date "2010.10.13"]
[Round "2"]
[White "matias"]
[Black "johndavidtelker"]
[Result "1-0"]
[WhiteElo "1984"]
[BlackElo "1788"]

1. e4 c6 2. d4 d5 3. f3 Nd7 4. Nc3 dxe4 5. fxe4 Ngf6 6. Nf3 e6 7. Bd3 Be7 8. O-O
O-O 9. e5 Nd5 10. Nxd5 cxd5 11. c3 Re8 12. Qe1 Nf8 13. h4 a6 14. Qg3 b5 15. h5
Bb7 16. Bh6 g6 17. Ng5 Bxg5 18. Bxg5 Qc7 19. Bh6 Rad8 20. hxg6 fxg6 21. Rf6 Qe7
22. Raf1 Bc8 23. Rf7 Qxf7 24. Rxf7 1-0

[Event "AUTO-INT-1790"]
[Site "http://www.queenalice.com/game.php?id=845196"]
[Date "2010.10.13"]
[Round "2"]
[White "johndavidtelker"]
[Black "matias"]
[Result "0-1"]
[WhiteElo "1788"]
[BlackElo "1971"]

1. e4 e6 2. Nf3 d5 3. exd5 exd5 4. d4 Nc6 5. Be2 Bf5 6. a3 Bd6 7. O-O Qd7 8. b4
Nge7 9. Bb2 O-O 10. Nbd2 Ng6 11. c4 dxc4 12. Nxc4 Bf4 13. Bd3 Rad8 14. Qc2 Bxd3
15. Qxd3 Bh6 16. Rad1 Nf4 17. Qc3 Qg4 18. g3 Ne2+ 0-1